[Event "13th EICC"]
[Site "Plovdiv BUL"]
[Date "2012.03.22"]
[Round "3.118"]
[White "Pacher, Milan"]
[Black "Istratescu, Andrei"]
[Result "0-1"]
[WhiteTitle "IM"]
[BlackTitle "GM"]
[WhiteElo "2402"]
[BlackElo "2633"]
[WhiteFideId "14907445"]
[BlackFideId "1200372"]
[EventDate "2012.03.20"]
[EventType "swiss"]

1. e4 c5 2. c3 d5 3. exd5 Qxd5 4. d4 Nc6 5. Nf3 Bf5 6. Na3 cxd4 7. Nb5 O-O-O 8.
cxd4 e5 9. Nc3 Bb4 10. Bd2 Bxc3 11. bxc3 Nge7 12. Be3 exd4 13. cxd4 Be4 14. Be2
g5 15. Nxg5 Bxg2 16. Rg1 f6 17. Bg4+ f5 18. Bf3 Bxf3 19. Nxf3 f4 20. Bd2 Nxd4
21. Nxd4 Qxd4 22. Qg4+ Rd7 23. Rc1+ Nc6 24. Qxf4 Re8+ 0-1

[Event "13th EICC"]
[Site "Plovdiv BUL"]
[Date "2012.03.22"]
[Round "3.120"]
[White "Schachinger, Mario"]
[Black "Volkov, Sergey"]
[Result "0-1"]
[WhiteTitle "FM"]
[BlackTitle "GM"]
[WhiteElo "2391"]
[BlackElo "2623"]
[WhiteFideId "1616773"]
[BlackFideId "4122763"]
[EventDate "2012.03.20"]
[EventType "swiss"]

1. c4 e5 2. g3 g6 3. Bg2 Bg7 4. Nc3 d6 5. d3 c6 6. Nf3 Nf6 7. O-O O-O 8. Bd2 Re8
9. Rc1 a5 10. Ng5 Na6 11. Nge4 Nh5 12. f4 f5 13. Ng5 Nc5 14. Nh3 Qe7 15. fxe5
dxe5 16. Bg5 Bf6 17. Qd2 Be6 18. Qe3 Qd6 19. Nd5 Bd8 20. Bxd8 Raxd8 21. Nc7 Re7
22. Nxe6 Nxe6 23. c5 Qd4 24. Qxd4 Nxd4 25. Rfe1 Nf6 26. e3 Ne6 27. Nf2 Nd7 28.
d4 Kf8 29. Rc4 exd4 30. exd4 Nf6 31. Ra4 Rxd4 32. Rxa5 Nd7 33. Ra8+ Kf7 34. Nh3
Ndxc5 35. Rh8 Kg7 36. Rc8 Red7 37. Kf1 Kf6 38. a3 Rd2 39. b4 Nd3 40. Rb1 g5 41.
b5 cxb5 42. Rxb5 Rd1+ 43. Ke2 Nc1+ 0-1

[Event "13th EICC"]
[Site "Plovdiv BUL"]
[Date "2012.03.22"]
[Round "3.122"]
[White "Aleksandrov, Aleksej"]
[Black "Pantev, Veselin"]
[Result "1-0"]
[WhiteTitle "GM"]
[BlackTitle "FM"]
[WhiteElo "2604"]
[BlackElo "2379"]
[WhiteFideId "13500139"]
[BlackFideId "2901390"]
[EventDate "2012.03.20"]
[EventType "swiss"]

1. d4 Nf6 2. c4 e6 3. Nc3 Bb4 4. e3 c5 5. Bd3 Nc6 6. Nf3 d6 7. Bd2 O-O 8. O-O
cxd4 9. exd4 e5 10. d5 Ne7 11. h3 Ng6 12. Re1 Bd7 13. a3 Ba5 14. b4 Bb6 15. Rc1
Rc8 16. Na4 Bc7 17. Bf1 Qe8 18. Nb2 Bb6 19. a4 a6 20. Bc3 Qd8 21. Qb3 a5 22. c5
axb4 23. cxb6 Rxc3 24. Qxb4 Nxd5 25. Qxd6 Rxc1 26. Rxc1 Qxb6 27. Qxb6 Nxb6 28.
a5 Nd5 29. Rc5 Nf6 30. Nc4 Rb8 31. Ncxe5 Nxe5 32. Nxe5 Be6 33. Rb5 Bd7 34. Rb6
Ra8 35. Nxd7 Nxd7 36. Rxb7 Nf8 37. Rb5 Ne6 38. a6 Kf8 39. Bc4 Nd8 40. Rh5 h6 41.
Re5 Ra7 42. f4 g6 43. g4 Rc7 44. Bf1 1-0

[Event "13th EICC"]
[Site "Plovdiv BUL"]
[Date "2012.03.22"]
[Round "3.123"]
[White "Tate, Alan"]
[Black "Sulskis, Sarunas"]
[Result "1/2-1/2"]
[WhiteTitle "FM"]
[BlackTitle "GM"]
[WhiteElo "2350"]
[BlackElo "2596"]
[WhiteFideId "2401878"]
[BlackFideId "12800112"]
[EventDate "2012.03.20"]
[EventType "swiss"]

1. e4 e5 2. Nf3 Nc6 3. d4 exd4 4. Nxd4 g6 5. Nc3 Bg7 6. Be3 Nf6 7. Nxc6 bxc6 8.
e5 Nd5 9. Nxd5 cxd5 10. Qxd5 Rb8 11. Bc4 O-O 12. O-O d6 13. exd6 cxd6 14. Rad1
Be6 15. Qd3 Bxc4 16. Qxc4 Rxb2 17. Bxa7 Qa8 18. Bd4 Rc8 19. Qd3 Bxd4 20. Qxd4
Rbxc2 21. Qxd6 Qxa2 22. Qf6 Qb2 23. Rd8+ Rxd8 24. Qxd8+ Kg7 25. g3 Rd2 26. Qa8
h6 27. Qc6 g5 28. Qe4 Qd4 29. Qxd4+ Rxd4 30. h3 h5 31. Kg2 h4 32. Ra1 hxg3 33.
Kxg3 Kg6 34. Ra5 Rd3+ 35. f3 f5 36. Ra8 Rd1 37. Rg8+ Kh6 38. Rh8+ Kg7 39. Ra8
Rg1+ 40. Kf2 Rh1 41. Kg3 Rg1+ 42. Kf2 Rh1 43. Kg3 Rg1+ 1/2-1/2

[Event "13th EICC"]
[Site "Plovdiv BUL"]
[Date "2012.03.22"]
[Round "3.124"]
[White "Dimitrov, Atanas"]
[Black "Lintchevski, Daniil"]
[Result "1/2-1/2"]
[WhiteTitle "IM"]
[BlackTitle "GM"]
[WhiteElo "2318"]
[BlackElo "2564"]
[WhiteFideId "2901315"]
[BlackFideId "4171055"]
[EventDate "2012.03.20"]
[EventType "swiss"]

1. Nf3 g6 2. d4 Bg7 3. e4 c5 4. d5 d6 5. Be2 Nf6 6. Nc3 Bg4 7. Ng5 Bxe2 8. Qxe2
O-O 9. O-O Na6 10. f4 Nc7 11. f5 Qd7 12. Bd2 b5 13. fxg6 hxg6 14. Rae1 Qg4 15.
Rf3 Nh5 16. Nd1 Bd4+ 17. Kh1 f6 18. c3 Be5 19. Nf2 Qd7 20. Ngh3 e6 21. g4 Ng7
22. Nf4 Bxf4 23. dxe6 Ncxe6 24. Bxf4 d5 25. Bh6 d4 26. c4 a6 27. b3 Ng5 28. Rg3
Rae8 29. Bxg5 fxg5 30. Nd3 Ne6 31. e5 bxc4 32. bxc4 Qc6+ 33. Qg2 Qxg2+ 34. Kxg2
Nf4+ 35. Nxf4 Rxf4 36. h3 Rb8 37. Ra3 Rb2+ 38. Kg3 Kf8 39. h4 Rff2 40. hxg5 Rxa2
41. Rb3 Rfe2 42. Rf1+ Ke8 43. Rb6 Re3+ 44. Rf3 Rxf3+ 45. Kxf3 Kf7 46. Ke4 Re2+
47. Kd5 d3 48. Rb7+ Kf8 49. Ke6 Rf2 50. Rb8+ Kg7 51. Rb7+ Kg8 52. Rd7 d2 53.
Rd8+ Kg7 54. Rd7+ Kg8 55. Rd8+ Kg7 56. Rd7+ Kg8 57. Rd8+ Kg7 58. Rd7+ Kg8 59.
Rd8+ Kg7 60. Rd7+ Kg8 1/2-1/2

[Event "13th EICC"]
[Site "Plovdiv BUL"]
[Date "2012.03.22"]
[Round "3.125"]
[White "Ivanov, Stojan Lubomirov"]
[Black "Zontakh, Andrey"]
[Result "0-1"]
[BlackTitle "GM"]
[WhiteElo "2309"]
[BlackElo "2556"]
[WhiteFideId "2908980"]
[BlackFideId "14101130"]
[EventDate "2012.03.20"]
[EventType "swiss"]

1. e4 c6 2. d4 d5 3. e5 Bf5 4. Nf3 e6 5. Be2 Ne7 6. O-O Nd7 7. Nbd2 Nc8 8. Nb3
Be7 9. a4 O-O 10. a5 a6 11. Be3 Na7 12. Ne1 Rc8 13. f4 Nb5 14. Nd3 f6 15. c3 Kh8
16. Ndc5 Bxc5 17. Nxc5 Nxc5 18. dxc5 Be4 19. Bd4 f5 20. Qd2 Rg8 21. g3 h6 22.
Kf2 g5 23. Ke1 Rc7 24. Kd1 Rh7 25. Kc1 h5 26. fxg5 Rxg5 27. Be3 Rgg7 28. b4 h4
29. Kb2 hxg3 30. hxg3 Rh3 31. Bxb5 cxb5 32. Bf4 Kg8 33. Qd4 Qe8 34. Rf2 Kf7 35.
Re1 Ke7 36. Rd2 Kd8 37. Qe3 Kc7 38. Qd4 Kc6 39. Rg1 Qh5 40. Qe3 Rh2 41. Re1
Rxd2+ 42. Qxd2 Rh7 43. Re2 Qh1 44. Qc1 Qf3 45. Qe3 Qf1 46. Bh6 d4 47. cxd4 Rxh6
48. Rc2 Rh1 49. Rf2 Qa1+ 0-1

[Event "13th EICC"]
[Site "Plovdiv BUL"]
[Date "2012.03.22"]
[Round "3.127"]
[White "Berescu, Alin-Mile"]
[Black "Duzhakov, Ilya"]
[Result "1-0"]
[WhiteTitle "GM"]
[BlackTitle "FM"]
[WhiteElo "2494"]
[BlackElo "2316"]
[WhiteFideId "1204920"]
[BlackFideId "4192516"]
[EventDate "2012.03.20"]
[EventType "swiss"]

1. e4 e5 2. Bc4 Nf6 3. d3 Be7 4. Nc3 O-O 5. f4 exf4 6. Bxf4 c6 7. e5 Ne8 8. d4
d5 9. Bd3 c5 10. Nf3 Nc7 11. dxc5 Nd7 12. Qd2 Nxc5 13. O-O-O b5 14. Nd4 b4 15.
Nce2 Qe8 16. Kb1 a5 17. Rhe1 a4 18. Bg5 b3 19. a3 bxc2+ 20. Bxc2 Ne4 21. Bxe4
dxe4 22. Bxe7 Qxe7 23. Nc6 Qe8 24. Qd6 Nb5 25. Qc5 Ba6 26. Nf4 Kh8 27. Qb6 Qc8
28. Nd5 Re8 29. Rc1 Qe6 30. Red1 Qg6 31. Ndb4 e3+ 32. Ka1 e2 33. Re1 Reb8 34.
Qc5 Rc8 35. Nxa6 Rxa6 36. Ne7 Rxc5 37. Nxg6+ hxg6 38. Rxc5 Nd4 39. Rc4 Nb3+ 40.
Ka2 g5 41. Rxe2 Re6 42. Re3 1-0

[Event "13th EICC"]
[Site "Plovdiv BUL"]
[Date "2012.03.22"]
[Round "3.128"]
[White "Grigorov, Grigor"]
[Black "Cabarkapa, Novak"]
[Result "1/2-1/2"]
[WhiteTitle "GM"]
[BlackTitle "FM"]
[WhiteElo "2489"]
[BlackElo "2314"]
[WhiteFideId "2907313"]
[BlackFideId "943746"]
[EventDate "2012.03.20"]
[EventType "swiss"]

1. d4 Nf6 2. c4 g6 3. Nf3 Bg7 4. g3 O-O 5. Bg2 d5 6. cxd5 Nxd5 7. O-O Nb6 8. Nc3
Nc6 9. e3 Re8 10. Re1 a5 11. Qe2 e5 12. dxe5 Nxe5 13. Nxe5 Bxe5 14. Rd1 Qe7 15.
e4 Be6 16. f4 Bxc3 17. bxc3 Bd5 18. Re1 Na4 19. Qc2 Bc6 20. Be3 Rad8 21. Bd4 Nc5
22. f5 Nxe4 23. f6 Qe6 24. Re2 Qc4 25. Rae1 Rxd4 26. cxd4 Qxd4+ 27. Re3 Nxf6 28.
Qf2 Rxe3 29. Rxe3 Qb6 30. Re7 Kf8 31. Qxb6 cxb6 32. Rc7 Nd5 33. Bxd5 Bxd5 34.
Kf2 b5 35. a3 Bc6 36. Ke3 Kg7 37. Kd4 Kf6 38. Rc8 Kg5 39. Rc7 Kf6 40. Rc8 h6 41.
Ra8 Kg5 42. Rxa5 Kg4 43. Ra8 Kh3 44. Rf8 Kxh2 45. Rxf7 Kxg3 46. Rf6 g5 47. Rxh6
g4 48. Ke3 Kg2 49. Kf4 Bf3 50. Rh5 Be2 1/2-1/2

[Event "13th EICC"]
[Site "Plovdiv BUL"]
[Date "2012.03.22"]
[Round "3.129"]
[White "Videnova, Iva"]
[Black "Kovalev, Vladislav"]
[Result "0-1"]
[WhiteTitle "WGM"]
[BlackTitle "IM"]
[WhiteElo "2301"]
[BlackElo "2477"]
[WhiteFideId "2907763"]
[BlackFideId "13504398"]
[EventDate "2012.03.20"]
[EventType "swiss"]

1. e4 c5 2. Nf3 Nc6 3. d4 cxd4 4. Nxd4 g6 5. c4 Bg7 6. Be3 Nf6 7. Nc3 O-O 8. Be2
d6 9. O-O Nxd4 10. Bxd4 Bd7 11. Qd2 Bc6 12. f3 Nd7 13. Be3 a5 14. b3 Nc5 15.
Rab1 e6 16. Rfd1 Be5 17. Qe1 Qf6 18. Nb5 Bxb5 19. cxb5 Rfc8 20. g4 Bf4 21. Bxf4
Qxf4 22. Qd2 Qxd2 23. Rxd2 Rd8 24. Rbd1 Kf8 25. Rxd6 Rxd6 26. Rxd6 Ke7 27. Rd2
b6 28. g5 h6 29. gxh6 Rh8 30. Kg2 Rxh6 31. Kg3 g5 32. Bc4 Rh4 33. Rb2 Rf4 34. h3
Rh4 35. Be2 Rh8 36. b4 axb4 37. Rxb4 Rd8 38. Rb2 Kf6 39. Kf2 Ke5 40. Ke3 Rh8 41.
Bf1 Ra8 42. Bc4 Ra4 43. Rc2 Ra3+ 44. Kf2 Kf4 45. Be2 Nd7 46. Kg2 Ne5 47. Bd1 Ra5
48. Be2 Ra7 49. Rd2 Ra3 50. Rb2 Ng6 51. Bd1 Nh4+ 52. Kf1 Kg3 53. Bb3 Nxf3 54.
Rc2 Kxh3 55. Kf2 Nd4 56. Rc3+ Kh4 57. Ke3 Nxb3 58. axb3 Ra5 59. b4 Rxb5 60. Rb3
g4 61. Rb1 Kg5 62. Kd4 Kg6 63. e5 Rd5+ 64. Ke4 Rd2 65. Kf4 Rd4+ 66. Ke3 Rc4 67.
b5 Kf5 68. Rf1+ Kxe5 69. Rxf7 Rc3+ 70. Kf2 Rf3+ 0-1

[Event "13th EICC"]
[Site "Plovdiv BUL"]
[Date "2012.03.22"]
[Round "3.130"]
[White "Can, Emre"]
[Black "Donchenko, Alexander"]
[Result "0-1"]
[WhiteTitle "GM"]
[BlackTitle "FM"]
[WhiteElo "2476"]
[BlackElo "2309"]
[WhiteFideId "6302181"]
[BlackFideId "24603295"]
[EventDate "2012.03.20"]
[EventType "swiss"]

1. d4 d5 2. Nf3 Nf6 3. c4 dxc4 4. Na3 e6 5. Nxc4 c5 6. g3 Nc6 7. Bg2 cxd4 8. O-O
Be7 9. Bf4 O-O 10. Nce5 Qb6 11. Nxc6 bxc6 12. Qxd4 c5 13. Qa4 Bd7 14. Rac1 Rfd8
15. Be5 Rac8 16. b3 Bc6 17. Qc4 Qb7 18. Qc2 Be4 19. Nh4 Qb4 20. Qc3 Bxg2 21.
Nxg2 Ne4 22. Qe3 Qb7 23. Rc4 Nd2 24. Rg4 f6 25. Bf4 e5 26. Bh6 Bf8 27. Rc1 Kh8
28. Ne1 gxh6 29. Nd3 c4 30. bxc4 Nb1 31. c5 Na3 32. Rb4 Qc6 33. Nxe5 fxe5 34.
Qxa3 Bxc5 35. Qb2 Qd5 36. Rb3 Qd4 37. e3 Qxb2 38. Rxb2 Bb6 39. Rcb1 Kg7 40. a4
Rd5 41. Kg2 Rc4 42. Rb4 Rdc5 43. f4 Rc2+ 44. Kf3 0-1

[Event "13th EICC"]
[Site "Plovdiv BUL"]
[Date "2012.03.22"]
[Round "3.132"]
[White "Nigalidze, Gaioz"]
[Black "Kourousis, Epaminondas"]
[Result "1-0"]
[WhiteTitle "IM"]
[WhiteElo "2472"]
[BlackElo "2284"]
[WhiteFideId "13603078"]
[BlackFideId "4211626"]
[EventDate "2012.03.20"]
[EventType "swiss"]

1. Nf3 Nf6 2. c4 e6 3. g3 b6 4. Bg2 Bb7 5. d3 c5 6. O-O Be7 7. b3 O-O 8. Bb2 d5
9. cxd5 Nxd5 10. Nbd2 Bf6 11. Bxf6 Qxf6 12. Ne4 Qe7 13. Qc2 Nd7 14. a3 Rac8 15.
Rfd1 Rfd8 16. h4 N5f6 17. Ned2 Ng4 18. Nc4 Rc7 19. Qd2 Bxf3 20. Bxf3 Nde5 21.
Nxe5 Nxe5 22. Bg2 Nc6 23. Rab1 a5 24. Rdc1 Qd6 25. Rb2 h6 26. Qc3 Rdc8 27. Qc4
Qe5 28. Rd2 Nd4 29. e3 Nf5 30. Rdc2 Qd6 31. Qb5 h5 32. Be4 Nxg3 33. fxg3 Qxg3+
34. Kf1 f5 35. Bg2 f4 36. Qxb6 Qxe3 37. Be4 Qh3+ 38. Kg1 Rd7 39. Rf1 Rf8 40. Rf3
Qxh4 41. Qxe6+ Rdf7 42. Bg6 1-0

[Event "13th EICC"]
[Site "Plovdiv BUL"]
[Date "2012.03.22"]
[Round "3.133"]
[White "Voiteanu, Gabriel"]
[Black "Jurcik, Marian"]
[Result "0-1"]
[WhiteTitle "FM"]
[BlackTitle "IM"]
[WhiteElo "2275"]
[BlackElo "2467"]
[WhiteFideId "1208810"]
[BlackFideId "14907518"]
[EventDate "2012.03.20"]
[EventType "swiss"]

1. d4 Nf6 2. c4 g6 3. Nc3 Bg7 4. e4 d6 5. Be2 O-O 6. Bg5 a6 7. Qd2 c6 8. Nf3 b5
9. a3 Bg4 10. O-O bxc4 11. Bxc4 Bxf3 12. gxf3 Nbd7 13. Rfd1 Nb6 14. Bf1 Nfd7 15.
Rac1 c5 16. dxc5 Nxc5 17. Qe3 a5 18. Nb5 Ncd7 19. Nxd6 h6 20. Bxh6 Bxh6 21. Qxh6
exd6 22. Rxd6 Rc8 23. Rxc8 Qxc8 24. Bh3 Qe8 25. Qc1 Qe5 26. Qd1 Rc8 27. Qd4 Qg5+
28. Bg4 Ne5 29. Qxb6 Nxg4 30. h4 Rc1+ 31. Kg2 Ne3+ 0-1

[Event "13th EICC"]
[Site "Plovdiv BUL"]
[Date "2012.03.22"]
[Round "3.134"]
[White "Stamnov, Aleksander"]
[Black "Nestorovic, Nikola"]
[Result "0-1"]
[WhiteTitle "FM"]
[BlackTitle "IM"]
[WhiteElo "2184"]
[BlackElo "2462"]
[WhiteFideId "15000664"]
[BlackFideId "934526"]
[EventDate "2012.03.20"]
[EventType "swiss"]

1. e4 e5 2. Nf3 Nc6 3. Nc3 Nf6 4. d4 exd4 5. Nd5 Be7 6. Nxd4 d6 7. Nxc6 bxc6 8.
Nxf6+ Bxf6 9. Bd3 O-O 10. O-O a5 11. c3 a4 12. Re1 c5 13. Bf4 a3 14. Qc2 axb2
15. Qxb2 Be6 16. Re3 Qd7 17. Qc2 c4 18. Bf1 Ra5 19. Qe2 Be7 20. Qf3 Rfa8 21. Qe2
Ra3 22. Qd2 Qa4 23. Rg3 Rxa2 24. Rxa2 Qxa2 25. Qd4 g6 26. Bh6 f6 27. f4 Qa7 28.
f5 Bf7 29. Be3 Qxd4 30. cxd4 c6 31. Bd2 Bf8 32. Rc3 d5 0-1

[Event "13th EICC"]
[Site "Plovdiv BUL"]
[Date "2012.03.22"]
[Round "3.135"]
[White "Kumic, Filip"]
[Black "Hunt, Adam C"]
[Result "1/2-1/2"]
[BlackTitle "IM"]
[WhiteElo "2247"]
[BlackElo "2454"]
[WhiteFideId "931373"]
[BlackFideId "403970"]
[EventDate "2012.03.20"]
[EventType "swiss"]

1. d4 d5 2. Nf3 Nf6 3. c4 c6 4. e3 g6 5. Nc3 Bg7 6. Bd3 O-O 7. h3 Nbd7 8. O-O
Re8 9. Qc2 e5 10. cxd5 cxd5 11. dxe5 Nxe5 12. Nxe5 Rxe5 13. Rd1 Bd7 14. Bd2 Rc8
15. Qb3 b6 16. Be1 Rc5 17. Ne2 Qe8 18. a4 Ne4 19. Nd4 Rc8 20. Bb5 Nc5 21. Qa2
Rg5 22. Bxd7 Qxd7 23. Nf3 Rf5 24. Rac1 Re8 25. a5 Rxf3 26. gxf3 Re5 27. Rd4 Qxh3
28. Rxd5 Qxf3 29. Rxe5 Bxe5 30. axb6 axb6 31. Qc4 Qh3 32. Qd5 Bh2+ 33. Kh1 Be5+
34. Kg1 Nd3 35. Qxd3 Bh2+ 36. Kh1 Be5+ 37. Kg1 Bh2+ 1/2-1/2

[Event "13th EICC"]
[Site "Plovdiv BUL"]
[Date "2012.03.22"]
[Round "3.136"]
[White "Hagen, Andreas Skytte"]
[Black "Gaehwiler, Gabriel"]
[Result "1-0"]
[WhiteTitle "IM"]
[WhiteElo "2453"]
[BlackElo "2260"]
[WhiteFideId "1407341"]
[BlackFideId "1314530"]
[EventDate "2012.03.20"]
[EventType "swiss"]

1. e4 c5 2. Nf3 d6 3. d4 cxd4 4. Nxd4 Nf6 5. Nc3 a6 6. Be3 e5 7. Nf3 Qc7 8. a4
b6 9. Nd5 Nxd5 10. Qxd5 Bb7 11. Qb3 Bxe4 12. Bc4 Qb7 13. O-O-O b5 14. Bxf7+ Qxf7
15. Qxf7+ Kxf7 16. Ng5+ Kf6 17. Nxe4+ Ke6 18. Nc3 Nc6 19. axb5 axb5 20. Nxb5 Rc8
21. Rhe1 Be7 22. Kb1 Nb4 23. Re2 Rc6 24. Bc1 Kf7 25. c3 Na6 26. Red2 Ke6 27. Re2
Kf7 28. f4 Rb8 29. c4 Rxc4 30. Nxd6+ Bxd6 31. Rxd6 Nc5 32. Rc2 Rxc2 33. Kxc2 Rc8
34. Kb1 e4 35. Be3 Nd3 36. g3 Ne1 37. Rd4 Re8 38. Rd2 Nd3 39. Bd4 g6 40. Re2 Re6
41. Kc2 Nb4+ 42. Kc3 Nd5+ 43. Kc4 Ne7 44. Be5 Nf5 45. Kd5 e3 46. g4 Ne7+ 47. Ke4
h5 48. gxh5 gxh5 49. Rxe3 Rb6 50. Bc3 1-0

[Event "13th EICC"]
[Site "Plovdiv BUL"]
[Date "2012.03.22"]
[Round "3.137"]
[White "Arnaudov, Petar"]
[Black "Zaslavsky, Mikhail"]
[Result "0-1"]
[BlackTitle "IM"]
[WhiteElo "2149"]
[BlackElo "2450"]
[WhiteFideId "2901706"]
[BlackFideId "2807670"]
[EventDate "2012.03.20"]
[EventType "swiss"]

1. e4 e5 2. f4 exf4 3. Nc3 Qh4+ 4. Ke2 Qe7 5. d4 Nf6 6. Nf3 Nxe4 7. Nxe4 d5 8.
Bxf4 dxe4 9. Kf2 exf3 10. Bb5+ c6 11. Re1 Be6 12. d5 Qh4+ 13. Bg3 Bc5+ 14. Kf1
Qb4 15. Bd3 cxd5 16. Qxf3 O-O 17. Qh5 g6 18. Qh6 Qd4 19. Re5 Qg1+ 20. Ke2 Bg4+
21. Kd2 Qxa1 22. Kc3 Nc6 0-1

[Event "13th EICC"]
[Site "Plovdiv BUL"]
[Date "2012.03.22"]
[Round "3.138"]
[White "Colovic, Aleksandar"]
[Black "Medancic, Rikard"]
[Result "1-0"]
[WhiteTitle "IM"]
[BlackTitle "IM"]
[WhiteElo "2436"]
[BlackElo "2252"]
[WhiteFideId "15000729"]
[BlackFideId "14500531"]
[EventDate "2012.03.20"]
[EventType "swiss"]

1. d4 d5 2. c4 c6 3. cxd5 cxd5 4. Nc3 Nf6 5. Bf4 Nc6 6. Nf3 g6 7. h3 Bg7 8. e3
O-O 9. Be2 Qa5 10. O-O Bf5 11. a3 Rfc8 12. b4 Qd8 13. Na4 Ne4 14. Rc1 Bd7 15.
Qb3 e6 16. Rc2 Be8 17. Nc5 Nxc5 18. Rxc5 Bf8 19. Rcc1 1-0

[Event "13th EICC"]
[Site "Plovdiv BUL"]
[Date "2012.03.22"]
[Round "3.139"]
[White "Mogilarov, Dimitar"]
[Black "Raznikov, Danny"]
[Result "1-0"]
[BlackTitle "IM"]
[WhiteElo "2147"]
[BlackElo "2436"]
[WhiteFideId "2905248"]
[BlackFideId "2811154"]
[EventDate "2012.03.20"]
[EventType "swiss"]

1. e4 c5 2. c3 d5 3. exd5 Qxd5 4. d4 g6 5. Nf3 Bg7 6. Na3 cxd4 7. cxd4 Nh6 8.
Bc4 Qd8 9. O-O O-O 10. Bf4 Nc6 11. d5 Na5 12. Be2 b6 13. Nb5 a6 14. Nc7 Ra7 15.
b4 Bxa1 16. bxa5 Rxc7 17. Bxc7 Qxc7 18. axb6 Qxb6 19. Qxa1 Nf5 20. Ne5 Nd4 21.
Bd3 f6 22. Nc4 Qc5 23. Rc1 Qa7 24. Na5 Rd8 25. Bc4 Kg7 26. Rd1 Qc5 27. Qxd4 Qxa5
28. Qa7 Rd7 29. Qa8 Bb7 30. Qe8 Qd8 31. Qxd8 Rxd8 32. Kf1 Rd6 33. Ke2 Rb6 34.
Rd2 Kf8 35. Ke3 Ke8 36. Kd4 Kd7 37. Kc5 Rd6 38. Rb2 Kc7 39. a4 Bc8 40. a5 Rd8
41. f4 Rd6 42. h4 Bd7 43. Rb6 Rxb6 44. axb6+ Kb7 45. Be2 Bc8 46. Bf3 Kb8 47. g4
Bb7 48. g5 f5 49. Bd1 a5 50. Bc2 Bc8 51. Kb5 Bb7 52. Bb3 Kc8 53. Kxa5 Kd7 54.
Ba4+ Kd6 55. Bc6 Bc8 56. b7 Bxb7 57. Bxb7 Kc5 1-0

[Event "13th EICC"]
[Site "Plovdiv BUL"]
[Date "2012.03.22"]
[Round "3.140"]
[White "Smirnov, Artem"]
[Black "Barta, Jozsef"]
[Result "1/2-1/2"]
[WhiteTitle "IM"]
[WhiteElo "2436"]
[BlackElo "2148"]
[WhiteFideId "4143256"]
[BlackFideId "712060"]
[EventDate "2012.03.20"]
[EventType "swiss"]

1. c4 Nf6 2. Nf3 e6 3. d4 d5 4. Bg5 Be7 5. Nc3 O-O 6. e3 b6 7. Bd3 Bb7 8. cxd5
exd5 9. O-O h6 10. Bxf6 Bxf6 11. Qa4 c5 12. dxc5 bxc5 13. Rfd1 Nd7 14. Qb5 Rb8
15. Bf5 d4 16. Qxd7 Qxd7 17. Bxd7 dxc3 18. bxc3 Bxf3 19. gxf3 Bxc3 20. Rac1 Bb4
21. Bc6 Rfc8 22. Bd5 Ba3 23. Rc2 Rb2 24. Rxb2 Bxb2 25. Rb1 Be5 26. f4 Bd6 27.
Rb7 Rc7 28. Rb8+ Kh7 29. Bc4 Kg6 30. Rd8 Be7 31. Rd5 Kf6 32. Kg2 g5 33. Kf3 Rb7
34. e4 Kg7 35. Rf5 f6 36. Rd5 Kf8 37. a3 Ke8 38. e5 fxe5 39. fxe5 Rb2 40. e6 Bf6
41. Rd7 a6 42. Bxa6 Rb3+ 43. Ke4 Rxa3 44. Bb5 Rb3 45. Bc6 Rb4+ 46. Kf5 Be7 47.
Ra7+ Kd8 48. Kg6 Rf4 49. Rd7+ Ke8 50. Kg7 Bf8+ 51. Kg8 Bd6 52. Rf7+ Kd8 53. Rd7+
Ke8 54. Rxd6+ Ke7 55. Rd2 Kxe6 56. Kg7 Rh4 57. f3 Ke5 58. Bd7 Kf4 59. Rd6 h5 60.
Kg6 g4 61. Rf6+ Ke3 62. fxg4 hxg4 63. Kg5 Rxh2 64. Kxg4 Ke4 1/2-1/2

[Event "13th EICC"]
[Site "Plovdiv BUL"]
[Date "2012.03.22"]
[Round "3.141"]
[White "Indjic, Aleksandar"]
[Black "Pavlidou, Ekaterini"]
[Result "1-0"]
[BlackTitle "WIM"]
[WhiteElo "2430"]
[BlackElo "2231"]
[WhiteFideId "911925"]
[BlackFideId "4213262"]
[EventDate "2012.03.20"]
[EventType "swiss"]

1. c4 Nf6 2. Nf3 e6 3. b3 c5 4. Bb2 Nc6 5. d3 d5 6. e3 d4 7. exd4 cxd4 8. a3 a5
9. g3 Bc5 10. Bg2 O-O 11. O-O e5 12. Re1 Re8 13. Nbd2 Bf5 14. Qc2 h6 15. Nh4 Bh7
16. Ne4 Nxe4 17. Bxe4 Qf6 18. Qe2 Rad8 19. Qh5 Bf8 20. Nf5 Ne7 21. Nxe7+ Rxe7
22. b4 Bxe4 23. Rxe4 g6 24. Qe2 Rde8 25. Re1 Qd6 26. Qd2 f5 27. R4e2 a4 28. Qd1
Bg7 29. Qxa4 e4 30. Qb3 Kh7 31. c5 Qd7 32. Qd1 Qd5 33. Qc2 Re6 34. a4 h5 35. Bc1
h4 36. Qa2 Qxa2 37. Rxa2 exd3 38. Rxe6 Rxe6 39. Kf1 h3 40. a5 Be5 41. Ra3 Bf6
42. Rxd3 g5 43. Ba3 g4 44. b5 1-0

[Event "13th EICC"]
[Site "Plovdiv BUL"]
[Date "2012.03.22"]
[Round "3.144"]
[White "Baltag, Iulian"]
[Black "Berman, Mark"]
[Result "1-0"]
[WhiteTitle "IM"]
[WhiteElo "2420"]
[BlackElo "2129"]
[WhiteFideId "13901419"]
[BlackFideId "2806665"]
[EventDate "2012.03.20"]
[EventType "swiss"]

1. d4 Nf6 2. Nf3 d5 3. c4 e6 4. g3 c6 5. Nbd2 Bd6 6. Bg2 O-O 7. O-O Nbd7 8. Qc2
e5 9. dxe5 Nxe5 10. Nxe5 Bxe5 11. Nf3 Qe7 12. cxd5 Nxd5 13. Nxe5 Qxe5 14. e4 Nb4
15. Qc4 a5 16. a3 Be6 17. Qe2 Na6 18. Be3 Bb3 19. f4 Qe7 20. Rac1 a4 21. Bb6
Rfe8 22. Qf2 Qd7 23. Rfe1 f6 24. h3 Qf7 25. g4 Re7 26. h4 Rae8 27. Re3 Rd7 28.
Bf1 Kh8 29. Rce1 Nc7 30. Ba5 Nb5 31. Bxb5 cxb5 32. Bc3 Rde7 33. Qg2 Bd5 34. Bb4
Re6 35. f5 Re5 36. Bc3 R5e7 37. g5 Bc6 38. Qg4 b6 39. Kf2 Bb7 40. h5 fxg5 41. h6
Kg8 42. Bxg7 1-0